[Event "FIDE World Uni Rapid-E 1st"]
[Site "Tornelo INT"]
[Date "2021.03.20"]
[Round "4"]
[White "Garidmagnai, Byambasuren"]
[Black "Khrapko, Marharyta"]
[Result "1-0"]
[WhiteElo "2369"]
[BlackElo "2049"]
[PlyCount "71"]
[EventDate "2021.03.20"]
[EventType "swiss (rapid)"]
[EventRounds "12"]
[EventCountry "NET"]
[SourceTitle "EXT 2022"]
[Source "ChessBase"]
[SourceDate "2021.10.06"]
[SourceVersion "1"]
[SourceVersionDate "2021.10.06"]
[SourceQuality "1"]

1. d4 Nf6 2. c4 c5 3. d5 b5 4. Qc2 bxc4 5. e4 d6 6. Nf3 g6 7. Bxc4 Bg7 8. h3 0-0 9. 0-0 Nbd7 10. Re1 Nb6 11. Bf1 e6 12. dxe6 Bxe6 13. Nc3 d5 14. exd5 Nbxd5 15. Na4 Rc8 16. a3 Qd6 17. Bg5 Bf5 18. Bd3 Nb4 19. axb4 cxb4 20. Bxf5 Rxc2 21. Bxc2 h6 22. Be3 Qd7 23. Nc5 Qc7 24. Bb3 Nh5 25. Ra2 g5 26. Rea1 Qc6 27. Rxa7 Bxb2 28. R1a6 Qb5 29. Rxh6 Nf4 30. Nxg5 Ne2+ 31. Kh1 Nc1 32. Rg6+ Kh8 33. Nxf7+ Rxf7 34. Ra8+ Kh7 35. Rh6+ Kg7 36. Ne6# 1-0

[Event "FIDE World Uni Blitz-D 1st"]
[Site "Tornelo INT"]
[Date "2021.03.13"]
[Round "7.3"]
[White "Bok, Benjamin"]
[Black "Garidmagnai, Byambasuren"]
[Result "1-0"]
[WhiteElo "2624"]
[BlackElo "2369"]
[PlyCount "65"]
[EventDate "2021.03.13"]
[EventType "swiss (blitz)"]
[EventRounds "10"]
[EventCountry "NET"]
[SourceTitle "EXT 2022"]
[Source "ChessBase"]
[SourceDate "2021.10.06"]
[SourceVersion "1"]
[SourceVersionDate "2021.10.06"]
[SourceQuality "1"]

1. d4 g6 2. e4 Bg7 3. Nf3 d6 4. Be3 Nf6 5. Nc3 0-0 6. Qd2 Re8 7. 0-0-0 c6 8. h4 h5 9. Ng5 b5 10. f3 Qa5 11. Kb1 e5 12. dxe5 dxe5 13. g4 Nbd7 14. Bh3 Nb6 15. gxh5 Nc4 16. Qd3 Nxh5 17. Bxc8 Raxc8 18. Qd7 Rf8 19. Bc5 Rc7 20. Qd8 Rc8 21. Qxa5 Nxa5 22. Bxf8 Bxf8 23. Rd7 f6 24. Ne6 Bb4 25. Rg1 Nf4 26. Nxf4 exf4 27. Rxg6+ Kf8 28. Rxf6+ Ke8 29. Rh7 Bxc3 30. bxc3 Nc4 31. h5 Rd8 32. Rh8+ Ke7 33. Rxd8 1-0

[Event "FIDE World Uni Blitz-D 1st"]
[Site "Tornelo INT"]
[Date "2021.03.13"]
[Round "4.1"]
[White "Garidmagnai, Byambasuren"]
[Black "Gabuzyan, Hovhannes"]
[Result "0-1"]
[WhiteElo "2369"]
[BlackElo "2557"]
[PlyCount "70"]
[EventDate "2021.03.13"]
[EventType "swiss (blitz)"]
[EventRounds "10"]
[EventCountry "NET"]
[SourceTitle "EXT 2022"]
[Source "ChessBase"]
[SourceDate "2021.10.06"]
[SourceVersion "1"]
[SourceVersionDate "2021.10.06"]
[SourceQuality "1"]

1. Nf3 c5 2. b3 d6 3. Bb2 e5 4. e3 Nc6 5. d4 cxd4 6. exd4 e4 7. Nfd2 d5 8. Be2 f5 9. 0-0 Nf6 10. c4 Bd6 11. cxd5 Ne7 12. Nc4 Nexd5 13. Nxd6+ Qxd6 14. Nd2 0-0 15. Nc4 Qe6 16. Re1 b6 17. Bf1 Bb7 18. Rc1 Rac8 19. Ne5 Rfd8 20. Qd2 h6 21. Rxc8 Rxc8 22. Rc1 Kh7 23. Rxc8 Qxc8 24. g3 f4 25. Bg2 f3 26. Bf1 Qf5 27. Nc4 Kh8 28. Nd6 Qd7 29. Nxb7 Qxb7 30. Bh3 Qa6 31. a3 Qe2 32. Bc1 e3 33. fxe3 f2+ 34. Kh1 f1Q+ 35. Bxf1 Qxf1# 0-1

[Event "FIDE World Uni Blitz-D 1st"]
[Site "Tornelo INT"]
[Date "2021.03.13"]
[Round "9.12"]
[White "Garidmagnai, Byambasuren"]
[Black "Mendoza, Shania Mae"]
[Result "1-0"]
[WhiteElo "2369"]
[BlackElo "2158"]
[PlyCount "137"]
[EventDate "2021.03.13"]
[EventType "swiss (blitz)"]
[EventRounds "10"]
[EventCountry "NET"]
[SourceTitle "EXT 2022"]
[Source "ChessBase"]
[SourceDate "2021.10.06"]
[SourceVersion "1"]
[SourceVersionDate "2021.10.06"]
[SourceQuality "1"]

1. Nf3 Nf6 2. b3 g6 3. Bb2 Bg7 4. g3 d6 5. d4 0-0 6. Bg2 Nc6 7. 0-0 e5 8. dxe5 Ng4 9. c4 Ngxe5 10. Nc3 Be6 11. Qd2 Re8 12. Rad1 Qc8 13. Rfe1 Rb8 14. Ng5 Bd7 15. Nd5 h6 16. Ne4 Qd8 17. f4 Ng4 18. h3 Bf5 19. Bxg7 Bxe4 20. Ba1 Bxd5 21. cxd5 Ne3 22. dxc6 bxc6 23. Qc3 f6 24. Rd3 Nxg2 25. Kxg2 Re6 26. Qxc6 Qe7 27. e3 Re8 28. Bd4 Qf7 29. Rc1 R6e7 30. Bxa7 g5 31. Qc4 Re6 32. f5 R6e7 33. Qxf7+ Kxf7 34. Bd4 c5 35. Bb2 Rxe3 36. Rxe3 Rxe3 37. Kf2 Rd3 38. Ke2 Rxg3 39. Bc3 Rxh3 40. Be1 g4 41. Rd1 Rh2+ 42. Ke3 Rxa2 43. Rxd6 h5 44. Bh4 Rb2 45. Rxf6+ Kg7 46. Rc6 Rxb3+ 47. Kf4 Rb4+ 48. Ke5 Rb7 49. Rxc5 Rd7 50. Rc6 Kf7 51. Rh6 Rd2 52. Rh7+ Kg8 53. Rxh5 Re2+ 54. Kf4 Rg2 55. Rg5+ Kf7 56. Rxg4 Rc2 57. Rg3 Rc4+ 58. Kg5 Rd4 59. Ra3 Rd7 60. Bg3 Rb7 61. Rc3 Rb5 62. Rc7+ Kf8 63. Bd6+ Ke8 64. Re7+ Kd8 65. Re5 Rb6 66. Bc5 Rc6 67. f6 Rc7 68. Kg6 Rb7 69. f7 1-0

[Event "Asia-ch Universities"]
[Site "Chess.com INT"]
[Date "2020.12.29"]
[Round "7"]
[White "Mohd Saprin, Amir Ghaazi"]
[Black "Garidmagnai, Byambasuren"]
[Result "0-1"]
[WhiteElo "1951"]
[BlackElo "2369"]
[PlyCount "68"]
[EventDate "2020.12.27"]
[EventType "swiss"]
[EventRounds "9"]
[EventCountry "IRI"]
[SourceTitle "CBM 200 Extra"]
[Source "ChessBase"]
[SourceDate "2021.03.31"]
[SourceVersion "1"]
[SourceVersionDate "2021.03.31"]
[SourceQuality "1"]

1. Nf3 Nf6 2. c4 g6 3. g3 Bg7 4. Bg2 d6 5. Nc3 e5 6. d3 0-0 7. 0-0 h6 8. Rb1 Nc6 9. b4 Be6 10. b5 Ne7 11. a4 Qd7 12. Re1 Bh3 13. Bh1 Ng4 14. Bd2 f5 15. a5 Rae8 16. e4 g5 17. Bxg5 Ng6 18. Bd2 Rf7 19. Bg2 Bxg2 20. Kxg2 Ref8 21. h3 Nxf2 22. Kxf2 fxe4 23. Nxe4 Rxf3+ 24. Qxf3 Rxf3+ 25. Kxf3 Qxh3 26. Rh1 Nh4+ 27. Ke2 Qg2+ 28. Nf2 Qf3+ 29. Kf1 Nf5 30. Rh3 e4 31. dxe4 Bd4 32. Rh2 Bxf2 33. Rxf2 Nxg3+ 34. Ke1 Qh1+ 0-1

[Event "Asia-ch Universities"]
[Site "Chess.com INT"]
[Date "2020.12.29"]
[Round "9"]
[White "Rakhimzhan, Alen"]
[Black "Garidmagnai, Byambasuren"]
[Result "1-0"]
[WhiteElo "2273"]
[BlackElo "2369"]
[PlyCount "71"]
[EventDate "2020.12.27"]
[EventType "swiss"]
[EventRounds "9"]
[EventCountry "IRI"]
[SourceTitle "CBM 200 Extra"]
[Source "ChessBase"]
[SourceDate "2021.03.31"]
[SourceVersion "1"]
[SourceVersionDate "2021.03.31"]
[SourceQuality "1"]

1. d4 Nf6 2. c4 g6 3. Nc3 Bg7 4. e4 d6 5. Be2 0-0 6. Bg5 b6 7. Nf3 Bb7 8. d5 Nbd7 9. 0-0 e5 10. b4 h6 11. Bh4 g5 12. Bg3 Nh5 13. Nd2 Nf4 14. Bg4 a5 15. a3 Nf6 16. Bf5 Bc8 17. Bxc8 Qxc8 18. Qc2 h5 19. f3 h4 20. Bf2 N6h5 21. Be3 g4 22. fxg4 Qxg4 23. Nb3 Bh6 24. Kh1 Ng3+ 25. hxg3 hxg3 26. Rf3 Kg7 27. Kg1 Rh8 28. Ne2 Nxe2+ 29. Qxe2 Qh4 30. Kf1 Qh1+ 31. Bg1 Bf4 32. Nc1 Rh4 33. Qd3 Rah8 34. Ne2 f5 35. Nxg3 Rg4 36. Nxh1 1-0

[Event "Asia-ch Universities"]
[Site "Chess.com INT"]
[Date "2020.12.28"]
[Round "6"]
[White "Garidmagnai, Byambasuren"]
[Black "Gamage, Chathulanka"]
[Result "1-0"]
[WhiteElo "2369"]
[BlackElo "1895"]
[PlyCount "81"]
[EventDate "2020.12.27"]
[EventType "swiss"]
[EventRounds "9"]
[EventCountry "IRI"]
[SourceTitle "CBM 200 Extra"]
[Source "ChessBase"]
[SourceDate "2021.03.31"]
[SourceVersion "1"]
[SourceVersionDate "2021.03.31"]
[SourceQuality "1"]

1. d4 Nf6 2. c4 g6 3. Nc3 Bg7 4. e4 d6 5. Be2 0-0 6. Nf3 e5 7. Be3 Ng4 8. Bg5 f6 9. Bh4 Nc6 10. d5 Ne7 11. Nd2 Nh6 12. Qc2 g5 13. Bg3 f5 14. f3 Ng6 15. 0-0-0 Nf4 16. Bf1 g4 17. fxg4 Nxg4 18. Re1 Nh5 19. exf5 Bxf5 20. Bd3 Qg5 21. Bxf5 Rxf5 22. Nce4 Qg6 23. Bh4 Nf4 24. h3 Nh6 25. g4 Rf7 26. Bg3 Raf8 27. Kb1 c6 28. Nc3 Qg5 29. Nde4 Qe7 30. Rd1 c5 31. Nb5 Rd8 32. Nxa7 Kh8 33. Nb5 Ng8 34. g5 h6 35. h4 Nh5 36. Qe2 Nf4 37. Qg4 Bf8 38. g6 Rg7 39. h5 Nf6 40. Nxf6 Qxf6 41. Bh4 1-0

[Event "Asia-ch Universities"]
[Site "Chess.com INT"]
[Date "2020.12.28"]
[Round "5"]
[White "Nassar, Marc"]
[Black "Garidmagnai, Byambasuren"]
[Result "1-0"]
[WhiteElo "1889"]
[BlackElo "2369"]
[PlyCount "67"]
[EventDate "2020.12.27"]
[EventType "swiss"]
[EventRounds "9"]
[EventCountry "IRI"]
[SourceTitle "CBM 200 Extra"]
[Source "ChessBase"]
[SourceDate "2021.03.31"]
[SourceVersion "1"]
[SourceVersionDate "2021.03.31"]
[SourceQuality "1"]

1. e4 e6 2. d4 d5 3. Nc3 Nf6 4. e5 Nfd7 5. f4 c5 6. Nf3 Nc6 7. Be3 cxd4 8. Nxd4 Bc5 9. Qd2 a6 10. 0-0-0 Nxd4 11. Bxd4 b5 12. Ne4 Be7 13. Nd6+ Bxd6 14. exd6 0-0 15. h4 Nf6 16. h5 Ne4 17. Qe3 Nxd6 18. g4 f6 19. h6 g6 20. Bd3 Bd7 21. g5 Rc8 22. Bxf6 Rxf6 23. gxf6 Qxf6 24. Qe5 Qxe5 25. fxe5 Nf7 26. Rde1 a5 27. Kd2 Rf8 28. Kc3 Ng5 29. Kd4 Rc8 30. Ref1 Nf7 31. Rf6 Nd8 32. Rhf1 Nc6+ 33. Kc5 Nb8+ 34. Kd6 1-0

[Event "Asia-ch Universities"]
[Site "Chess.com INT"]
[Date "2020.12.27"]
[Round "3"]
[White "Mousavi, Seyed Khalil"]
[Black "Garidmagnai, Byambasuren"]
[Result "1-0"]
[WhiteElo "2522"]
[BlackElo "2369"]
[PlyCount "65"]
[EventDate "2020.12.27"]
[EventType "swiss"]
[EventRounds "9"]
[EventCountry "IRI"]
[SourceTitle "CBM 200 Extra"]
[Source "ChessBase"]
[SourceDate "2021.03.31"]
[SourceVersion "1"]
[SourceVersionDate "2021.03.31"]
[SourceQuality "1"]

1. c4 g6 2. d4 Bg7 3. Nc3 d6 4. e4 e5 5. d5 Nf6 6. Nge2 0-0 7. Ng3 c6 8. Be2 cxd5 9. exd5 Nfd7 10. h4 f5 11. h5 a5 12. hxg6 hxg6 13. Bd2 Na6 14. Qc1 Ndc5 15. Bg5 Qc7 16. Qd2 Bd7 17. 0-0-0 a4 18. Kb1 a3 19. b3 Qb6 20. Bh6 Rf7 21. Bxg7 Rxg7 22. Ka1 Qd8 23. Rh6 Qf6 24. Nh5 Qf7 25. Nxg7 Qxg7 26. Rdh1 Be8 27. Qg5 Nb4 28. Qh4 g5 29. Qh3 Bg6 30. Rxg6 Qxg6 31. Qh8+ Kf7 32. Rh7+ Qxh7 33. Qxh7+ 1-0

[Event "FISU World University KO"]
[Site "Tornelo INT"]
[Date "2020.10.29"]
[Round "1"]
[White "Bekturov, Tamerlan"]
[Black "Garidmagnai, Byambasuren"]
[Result "1-0"]
[WhiteElo "2244"]
[BlackElo "2369"]
[PlyCount "131"]
[EventDate "2020.10.29"]
[EventType "team-k.o. (rapid)"]
[EventRounds "4"]
[EventCountry "NET"]
[SourceTitle "CBM 199 Extra"]
[Source "ChessBase"]
[SourceDate "2021.01.31"]
[SourceVersion "1"]
[SourceVersionDate "2021.01.31"]
[SourceQuality "1"]
[WhiteTeam "Kazakhstan"]
[BlackTeam "Mongolia"]
[WhiteTeamCountry "KAZ"]
[BlackTeamCountry "MGL"]

1. d4 g6 2. Nf3 Bg7 3. e4 d6 4. Nbd2 e5 5. c3 Ne7 6. Bd3 0-0 7. 0-0 Nd7 8. dxe5 Nxe5 9. Nxe5 dxe5 10. Nc4 Be6 11. a4 Qd7 12. Qe2 Rad8 13. Bc2 Qc8 14. Be3 a6 15. b4 h6 16. Bc5 Rfe8 17. Rfd1 b6 18. Be3 f5 19. f3 f4 20. Bf2 g5 21. Bb3 Ng6 22. Nd2 Bxb3 23. Nxb3 Qe6 24. Nd2 Ra8 25. Qc4 Qxc4 26. Nxc4 Red8 27. a5 b5 28. Nb2 Bf8 29. Nd3 Kf7 30. Kf1 Ke6 31. Ke2 Bd6 32. Rac1 Rab8 33. c4 bxc4 34. Rxc4 Ne7 35. h4 Rg8 36. hxg5 Rxg5 37. Rh1 h5 38. Kf1 Rbg8 39. Rh2 Kd7 40. Bh4 R5g6 41. Bxe7 Kxe7 42. Rc6 Rg5 43. Rxa6 Rb8 44. Rc6 Bxb4 45. Nxb4 Rxb4 46. Rxc7+ Kd6 47. Rh7 Rb1+ 48. Ke2 Rb2+ 49. Kd3 Rbxg2 50. Rxg2 Rxg2 51. Rh6+ Kd7 52. Rxh5 Rf2 53. Rxe5 Rxf3+ 54. Kc4 Ra3 55. Kb4 Re3 56. a6 Kc7 57. a7 Kb7 58. Re7+ Ka8 59. Kc5 f3 60. Kd4 Re2 61. Rf7 f2 62. Kd3 Ra2 63. Ke3 Rxa7 64. Rxf2 Kb7 65. Rf7+ Kb6 66. Rxa7 1-0

[Event "FISU World University"]
[Site "Tornelo INT"]
[Date "2020.10.28"]
[Round "7.1"]
[White "Garidmagnai, Byambasuren"]
[Black "Lei, Tingjie"]
[Result "0-1"]
[WhiteElo "2369"]
[BlackElo "2505"]
[PlyCount "70"]
[EventDate "2020.10.26"]
[EventType "team-swiss (rapid)"]
[EventRounds "9"]
[EventCountry "NET"]
[SourceTitle "CBM 199 Extra"]
[Source "ChessBase"]
[SourceDate "2021.01.31"]
[SourceVersion "1"]
[SourceVersionDate "2021.01.31"]
[SourceQuality "1"]
[WhiteTeam "Mongolia"]
[BlackTeam "China"]
[WhiteTeamCountry "MGL"]
[BlackTeamCountry "CHN"]

1. d4 Nf6 2. c4 e6 3. Nc3 Bb4 4. Qc2 0-0 5. Nf3 b6 6. e3 Bb7 7. Bd3 d6 8. Bd2 Nbd7 9. a3 Bxc3 10. Bxc3 Qe7 11. 0-0 Bxf3 12. gxf3 e5 13. Kh1 Rae8 14. Rg1 g6 15. b4 e4 16. fxe4 Nxe4 17. Bb2 Qh4 18. Rg2 Ndf6 19. d5 Nh5 20. Rag1 Qe7 21. Bd4 Ng7 22. f3 Nf6 23. Qb2 Nfh5 24. Rg5 f5 25. Qc2 Qd7 26. f4 c6 27. Qg2 c5 28. Ba1 Rxe3 29. Qd2 Qe7 30. bxc5 bxc5 31. Bb1 Rb8 32. Bxf5 Nxf5 33. Rxh5 Qe4+ 34. Qg2 Qxg2+ 35. Rxg2 Rb1+ 0-1

[Event "FISU World University"]
[Site "Tornelo INT"]
[Date "2020.10.27"]
[Round "6.4"]
[White "Garidmagnai, Byambasuren"]
[Black "Djordjevic, Vuk D"]
[Result "0-1"]
[WhiteElo "2369"]
[BlackElo "2347"]
[PlyCount "110"]
[EventDate "2020.10.26"]
[EventType "team-swiss (rapid)"]
[EventRounds "9"]
[EventCountry "NET"]
[SourceTitle "CBM 199 Extra"]
[Source "ChessBase"]
[SourceDate "2021.01.31"]
[SourceVersion "1"]
[SourceVersionDate "2021.01.31"]
[SourceQuality "1"]
[WhiteTeam "Mongolia"]
[BlackTeam "Serbia"]
[WhiteTeamCountry "MGL"]
[BlackTeamCountry "SRB"]

1. d4 Nf6 2. c4 e6 3. Nc3 Bb4 4. Qc2 0-0 5. a3 Bxc3+ 6. Qxc3 Ne4 7. Qc2 f5 8. Nf3 b6 9. g3 Bb7 10. Bg2 Nf6 11. 0-0 Be4 12. Qc3 d6 13. Re1 Qe8 14. Ng5 Bxg2 15. Kxg2 h6 16. Nh3 Qc6+ 17. f3 Nbd7 18. Nf2 Rf7 19. b4 b5 20. c5 Nb6 21. Qb3 Nc4 22. a4 a6 23. Nd3 Nd5 24. Nb2 Nxb2 25. Bxb2 f4 26. Bc1 g5 27. Qd3 Kg7 28. axb5 axb5 29. Rxa8 Qxa8 30. Qxb5 Qa1 31. Bd2 Qxd4 32. Qd3 Qxd3 33. exd3 Kf6 34. gxf4 gxf4 35. Rc1 e5 36. b5 Ke6 37. Kf2 Rf8 38. cxd6 cxd6 39. Rb1 Kd7 40. Rg1 Rb8 41. Rg7+ Ne7 42. Rh7 Rxb5 43. Rxh6 Rb2 44. Ke1 Nf5 45. Rh7+ Ke6 46. Kd1 Rb3 47. Rh8 Nd4 48. Rh6+ Kd5 49. Ba5 Rxd3+ 50. Ke1 Re3+ 51. Kf2 Rxf3+ 52. Kg2 Rb3 53. h4 f3+ 54. Kf2 Rb2+ 55. Kf1 Nf5 0-1

[Event "Wch U20 58th"]
[Site "New Delhi"]
[Date "2019.10.23"]
[Round "9"]
[White "Sammed Jaykumar, Shete"]
[Black "Garidmagnai, Byambasuren"]
[Result "0-1"]
[WhiteElo "2392"]
[BlackElo "2327"]
[PlyCount "56"]
[EventDate "2019.10.15"]
[EventType "swiss"]
[EventRounds "11"]
[EventCountry "IND"]
[SourceTitle "CBM 192 Extra"]
[Source "Chessbase"]
[SourceDate "2019.11.06"]
[SourceVersion "1"]
[SourceVersionDate "2019.11.06"]
[SourceQuality "1"]

1. e4 e6 2. d4 d5 3. Nd2 c5 4. Ngf3 cxd4 5. exd5 Qxd5 6. Bc4 Qd6 7. 0-0 Nf6 8. Nb3 a6 9. a4 Qc7 10. Qxd4 Nc6 11. Qh4 Ne7 12. Bd3 Ned5 13. c4 Nb4 14. Bf4 Bd6 15. Bxd6 Qxd6 16. c5 Qxd3 17. Qxb4 Nd5 18. Qa3 0-0 19. Rad1 Qg6 20. Ne5 Qg5 21. Rfe1 Nf4 22. g3 f6 23. Nf3 Qh5 24. Nbd4 Nh3+ 25. Kg2 e5 26. Qb3+ Kh8 27. Ne2 Bd7 28. Nf4 Nxf4+ 0-1

[Event "Wch U20 58th"]
[Site "New Delhi"]
[Date "2019.10.21"]
[Round "7"]
[White "Vatsal, Singhania"]
[Black "Garidmagnai, Byambasuren"]
[Result "0-1"]
[WhiteElo "2157"]
[BlackElo "2327"]
[PlyCount "122"]
[EventDate "2019.10.15"]
[EventType "swiss"]
[EventRounds "11"]
[EventCountry "IND"]
[SourceTitle "CBM 192 Extra"]
[Source "Chessbase"]
[SourceDate "2019.11.06"]
[SourceVersion "1"]
[SourceVersionDate "2019.11.06"]
[SourceQuality "1"]

1. e4 e6 2. d4 d5 3. Nd2 c5 4. Ngf3 Nf6 5. exd5 Nxd5 6. Nb3 Nd7 7. c4 N5f6 8. Be2 Qc7 9. 0-0 b6 10. dxc5 bxc5 11. Be3 a5 12. h3 a4 13. Nbd2 Bb7 14. Nb1 Be7 15. Nc3 0-0 16. Nxa4 Rfd8 17. Nc3 Ne5 18. Nb5 Qb8 19. Qb3 Nxf3+ 20. Bxf3 Bxf3 21. gxf3 Qe5 22. Rfd1 Rdb8 23. Qc2 h6 24. b3 Ra6 25. a4 Qh5 26. Kg2 e5 27. Rg1 Nh7 28. Qe4 Rg6+ 29. Kh2 Ng5 30. Bxg5 Bxg5 31. Rg4 Bf4+ 32. Kg2 f5 33. Qd5+ Kh7 34. Rxg6 Qxg6+ 35. Kf1 Qh5 36. Qd3 Re8 37. Nc3 Qxh3+ 38. Ke2 Qh5 39. Qd6 Bg5 40. Qxc5 Be7 41. Qe3 e4 42. Kd2 exf3 43. Kc2 Bf6 44. Qf4 Be5 45. Qd2 Qh4 46. Rd1 Bf4 47. Qd4 Qh2 48. Rf1 Re5 49. Qd3 Qg2 50. Kb1 Kg6 51. Qd1 Bg5 52. Qd6+ Kh7 53. Qd3 Kh8 54. Qd1 Bh4 55. Re1 Rxe1 56. Qxe1 Bxf2 57. Qe6 Qg4 58. Ka2 Bd4 59. Nd5 Qe4 60. Qf7 f2 61. Ne7 Qe2+ 0-1

[Event "Wch U20 58th"]
[Site "New Delhi"]
[Date "2019.10.18"]
[Round "5"]
[White "Aditya, Mittal"]
[Black "Garidmagnai, Byambasuren"]
[Result "1-0"]
[WhiteElo "2430"]
[BlackElo "2327"]
[PlyCount "83"]
[EventDate "2019.10.15"]
[EventType "swiss"]
[EventRounds "11"]
[EventCountry "IND"]
[SourceTitle "CBM 192 Extra"]
[Source "Chessbase"]
[SourceDate "2019.11.06"]
[SourceVersion "1"]
[SourceVersionDate "2019.11.06"]
[SourceQuality "1"]

1. d4 Nf6 2. c4 g6 3. Nc3 Bg7 4. e4 d6 5. Nf3 0-0 6. Be2 Na6 7. 0-0 e5 8. Be3 Ng4 9. Bg5 Qe8 10. dxe5 dxe5 11. h3 h6 12. Bd2 Nf6 13. Be3 Qe7 14. a3 c6 15. Qc2 Nh5 16. Rfd1 Nf4 17. Bf1 Nc7 18. b4 Qf6 19. Bc5 Nxh3+ 20. gxh3 Qxf3 21. Bxf8 Bxf8 22. Ne2 a5 23. Bg2 Qf6 24. Qc3 Ne6 25. c5 h5 26. Rd3 h4 27. Rad1 Be7 28. Qd2 Kg7 29. Qb2 Nf4 30. Nxf4 Qxf4 31. b5 Bxc5 32. bxc6 bxc6 33. Qc2 Bb6 34. Rf3 Qg5 35. Qb3 Bc5 36. Qxf7+ Kh6 37. Qc7 Qe7 38. Qd8 Rb8 39. Qh8+ Kg5 40. Kh2 Bd6 41. Rg3+ hxg3+ 42. fxg3 1-0

[Event "Wch U18"]
[Site "Mumbai"]
[Date "2019.10.09"]
[Round "8"]
[White "Manu David, Suthandram R"]
[Black "Garidmagnai, Byambasuren"]
[Result "0-1"]
[WhiteElo "2403"]
[BlackElo "2327"]
[PlyCount "114"]
[EventDate "2019.10.02"]
[EventType "swiss"]
[EventRounds "11"]
[EventCountry "IND"]
[SourceTitle "EXT 2020"]
[Source "ChessBase"]
[SourceDate "2019.10.17"]
[SourceVersion "1"]
[SourceVersionDate "2019.10.17"]
[SourceQuality "1"]

1. e4 e6 2. Nf3 d5 3. Nc3 Nf6 4. e5 Nfd7 5. d4 c5 6. dxc5 Nc6 7. Bf4 Nxc5 8. Bb5 a6 9. Bxc6+ bxc6 10. 0-0 Be7 11. Nd4 Bb7 12. Qh5 g6 13. Qh6 Bf8 14. Qh3 Nd7 15. Rfe1 c5 16. Nf3 h6 17. Rad1 Be7 18. Qg3 g5 19. Bc1 Qc7 20. Qh3 0-0-0 21. Qh5 Rdf8 22. h3 Bc6 23. Nh2 Nxe5 24. Qe2 Ng6 25. Qxa6+ Qb7 26. Qxb7+ Kxb7 27. Ng4 Ra8 28. a3 Bf8 29. Ne2 Bg7 30. f4 gxf4 31. Nxf4 Nh4 32. Ne5 Bxe5 33. Rxe5 Ra4 34. b3 Rg8 35. Re2 Re4 36. Rf2 d4 37. Kh2 Kb6 38. Rg1 e5 39. Nh5 f5 40. Ng3 Re3 41. Bxe3 dxe3 42. Rxf5 Rxg3 43. Rxe5 Rxg2+ 44. Rxg2 Nxg2 45. Kg3 Kc7 46. Rxc5 e2 47. Re5 e1Q+ 48. Rxe1 Nxe1 49. c3 Nc2 50. a4 Na1 51. Kg4 Be8 52. b4 Nc2 53. b5 Ne3+ 54. Kf3 Nd5 55. c4 Nb6 56. c5 Nxa4 57. c6 Nc3 0-1

[Event "Eastern Asia-ch zt 3.3"]
[Site "Ulaanbaatar"]
[Date "2019.04.13"]
[Round "7"]
[White "Bersamina, Paulo"]
[Black "Garidmagnai, Byambasuren"]
[Result "1-0"]
[WhiteElo "2444"]
[BlackElo "2313"]
[PlyCount "63"]
[EventDate "2019.04.07"]
[EventType "swiss"]
[EventRounds "9"]
[EventCountry "MGL"]
[SourceTitle "CBM 189 Extra"]
[Source "ChessBase"]
[SourceDate "2019.06.03"]
[SourceVersion "1"]
[SourceVersionDate "2019.06.03"]
[SourceQuality "1"]

1. e4 c6 2. d4 d5 3. exd5 cxd5 4. c4 Nf6 5. Nc3 e6 6. Nf3 a6 7. c5 b6 8. b4 Nc6 9. Rb1 Ne4 10. Nxe4 dxe4 11. b5 exf3 12. bxc6 bxc5 13. Qxf3 Ra7 14. dxc5 Bxc5 15. Bd3 f5 16. 0-0 0-0 17. Bc4 Kh8 18. Bf4 Qf6 19. Rfe1 Bd4 20. Bb8 e5 21. Bxa7 Bxa7 22. Qd5 e4 23. c7 Qe7 24. Qc6 Bd7 25. Qxa6 Qc5 26. Kh1 Bc8 27. Rec1 f4 28. Bd3 Qd4 29. Qa3 Rg8 30. Bxe4 Qxe4 31. Qxa7 Bh3 32. f3 1-0

[Event "Wch U20 57th"]
[Site "Manavgat"]
[Date "2018.09.13"]
[Round "9"]
[White "Garidmagnai, Byambasuren"]
[Black "Sargsyan, Shant"]
[Result "1/2-1/2"]
[WhiteElo "2287"]
[BlackElo "2477"]
[PlyCount "101"]
[EventDate "2018.09.05"]
[EventType "swiss"]
[EventRounds "11"]
[EventCountry "TUR"]
[SourceTitle "CBM 186 Extra"]
[Source "ChessBase"]
[SourceDate "2018.08.24"]
[SourceVersion "1"]
[SourceVersionDate "2018.08.24"]
[SourceQuality "1"]

1. d4 Nf6 2. c4 g6 3. Nc3 d5 4. Bg5 Ne4 5. Bh4 Nxc3 6. bxc3 dxc4 7. Qa4+ Qd7 8. Qxc4 b6 9. Nf3 Bg7 10. Bg3 c5 11. Ne5 Qe6 12. e3 0-0 13. Be2 Qxc4 14. Bxc4 Bb7 15. 0-0 Bxe5 16. Bxe5 Nc6 17. Bg3 Na5 18. Bd3 Rac8 19. f3 cxd4 20. cxd4 Bd5 21. Rfd1 Bc4 22. Be1 Bxd3 23. Rxd3 Nc4 24. a4 a6 25. Rb1 Rfd8 26. Rc3 Rd5 27. Rb4 b5 28. axb5 axb5 29. Bf2 Ra8 30. g4 Ra1+ 31. Kg2 Ra2 32. Kg3 f5 33. Rcb3 fxg4 34. Rxb5 Rxb5 35. Rxb5 Nd6 36. Re5 Nf5+ 37. Kg2 Nh4+ 38. Kg3 Nf5+ 39. Kg2 Nh4+ 40. Kg3 Nxf3 41. Rxe7 h5 42. d5 h4+ 43. Kxg4 Rxf2 44. d6 Kf8 45. Re4 Nxh2+ 46. Kxh4 Rd2 47. Kh3 Kg7 48. d7 Nf3 49. Kg4 Nh2+ 50. Kh3 Rxd7 51. Kxh2 1/2-1/2

[Event "Wch U20 57th"]
[Site "Manavgat"]
[Date "2018.09.12"]
[Round "8"]
[White "Macovei, Andrei"]
[Black "Garidmagnai, Byambasuren"]
[Result "1-0"]
[WhiteElo "2385"]
[BlackElo "2287"]
[PlyCount "113"]
[EventDate "2018.09.05"]
[EventType "swiss"]
[EventRounds "11"]
[EventCountry "TUR"]
[SourceTitle "CBM 186 Extra"]
[Source "ChessBase"]
[SourceDate "2018.08.24"]
[SourceVersion "1"]
[SourceVersionDate "2018.08.24"]
[SourceQuality "1"]

1. e4 e6 2. d4 d5 3. Nc3 Nf6 4. e5 Nfd7 5. f4 c5 6. Nf3 Nc6 7. Be3 cxd4 8. Nxd4 Bc5 9. Qd2 a6 10. 0-0-0 0-0 11. h4 Nxd4 12. Bxd4 b5 13. h5 b4 14. Na4 Bxd4 15. Qxd4 Qa5 16. b3 Bb7 17. Kb1 Bc6 18. Nb2 Qc5 19. Qxc5 Nxc5 20. Rd4 a5 21. Bd3 Rfb8 22. h6 g6 23. g4 Bb5 24. f5 Bxd3 25. cxd3 Re8 26. fxg6 fxg6 27. Rf4 Nd7 28. d4 Rac8 29. Na4 Rf8 30. Rhf1 Rxf4 31. Rxf4 Rf8 32. Rxf8+ Kxf8 33. g5 Ke7 34. Kc2 Nb8 35. Kd3 Nc6 36. Nc5 Nd8 37. Ke3 Nf7 38. Kf4 Nd8 39. Nd3 Nc6 40. Ke3 Na7 41. Nf2 Nb5 42. Ng4 Nc3 43. Nf6 Kf7 44. Nxh7 Nxa2 45. Kd2 Kg8 46. Nf6+ Kh8 47. Nd7 Nc3 48. Nc5 Kg8 49. Nxe6 Ne4+ 50. Kd3 Nf2+ 51. Ke2 Ne4 52. Ke3 Kh8 53. Nf8 Nxg5 54. Nxg6+ Kh7 55. Nf4 Kxh6 56. Nxd5 Kg6 57. Ne7+ 1-0

[Event "Wch U20 57th"]
[Site "Manavgat"]
[Date "2018.09.07"]
[Round "4"]
[White "Sibashvili, Giorgi"]
[Black "Garidmagnai, Byambasuren"]
[Result "1-0"]
[WhiteElo "2425"]
[BlackElo "2287"]
[PlyCount "57"]
[EventDate "2018.09.05"]
[EventType "swiss"]
[EventRounds "11"]
[EventCountry "TUR"]
[SourceTitle "CBM 186 Extra"]
[Source "ChessBase"]
[SourceDate "2018.08.24"]
[SourceVersion "1"]
[SourceVersionDate "2018.08.24"]
[SourceQuality "1"]

1. d4 Nf6 2. c4 g6 3. Nc3 Bg7 4. e4 d6 5. Nf3 0-0 6. h3 e5 7. d5 Nbd7 8. Bg5 a5 9. g4 Nc5 10. Qc2 Bd7 11. Be2 Qb8 12. Be3 c6 13. Nxe5 cxd5 14. Nxd7 Nfxd7 15. Nxd5 Re8 16. f3 Ne5 17. g5 Nc6 18. Qd2 Qd8 19. Rd1 a4 20. h4 a3 21. b4 Na4 22. h5 Ne5 23. hxg6 hxg6 24. Kf2 Nc6 25. Rh2 Ne7 26. Nf6+ Bxf6 27. gxf6 Nc6 28. Bd4 Nxd4 29. Rh8+ 1-0